| 000 | 00713nam a2200217Ii 4500 | ||
|---|---|---|---|
| 003 | JO-AjNU | ||
| 008 | 230605s9999||||xx |||||||||||||| ||und|| | ||
| 020 | _a978-9957-24-962-5 | ||
| 040 |
_aJO-AjNU _bara _erda _cJO-AjNU |
||
| 041 | _aara | ||
| 050 | 1 | 4 | _aDS154.55.B3482.2019 |
| 100 | 3 |
_aالبلوي، سلوى سلمان, _eauthor _960726 |
|
| 245 | 0 | 0 | _aالاردن تاريخ وحضارة: الاردن في كتاب |
| 250 | _aط1 | ||
| 264 | 3 | 1 | _aعمان: دار صفاء للنشر والتوزيع، 2019 |
| 300 | _a192ص | ||
| 336 |
_atext _btxt _2rdacontent |
||
| 337 |
_aunmediated _bn _2rdamedia |
||
| 338 |
_avolume _bnc _2rdacarrier |
||
| 650 | 4 |
_aالاردن- حضارة- تاريخ _960727 |
|
| 999 |
_aA27399 _c30967 _d30967 |
||